| 000 | 00703nam a22001817a 4500 | ||
|---|---|---|---|
| 999 |
_c15615 _d15615 |
||
| 003 | AR-CdUCM | ||
| 008 | 190429b ||||| |||| 00| 0 spa d | ||
| 040 |
_aMUNICIPALIDAD PROVINCIAL DEL CUSCO _cBIBLIOTECA MUNICIPAL DEL CUSCO |
||
| 082 |
_aC / 051 / _bT319 |
||
| 110 |
_aMunicipalidad del Qosqo _96414 |
||
| 245 |
_aTerminal terrestre del Qosqo : _bcartilla descriptiva / |
||
| 260 |
_aQosqo : _bMunicipalidad del Qosqo, _c1994. |
||
| 300 |
_a24 páginas ; _bfotografías, _c19 cm. |
||
| 505 | _aTerminal terrestre del Qosqo -- Ubicación -- Control -- Seguridad -- Area y perímetro del terreno -- Area cosntruida... | ||
| 650 |
_aTerminal terrestre. _934740 |
||
| 942 |
_2ddc _cFOLLETOS |
||
| 945 | _awfj | ||